000 00617nam a2200205Ia 4500
005 20250326144250.0
008 250326s9999 xx 000 0 und d
020 _a978-1-843343-30-1
037 _aTextbook
040 _aFMSL
_beng
_cFMSL
041 _aeng
_2eng
084 _aX.4 P8
_qFMSL
100 _aLee Sangheon
_9749350
245 0 _aGlobalization, flexibilization and working conditions in Asia and the Pacific
_cLee Sangheon; Eraud F
260 _aEngland
_bEngland, Chandos
_c2008
300 _axxx,452
365 _b4470.4714999999997
942 _cTB
_hX.4 P8
999 _c1303054
_d1303054